000 00181nam a2200085Ia 4500
008 250605s9999 xx 000 0 und d
041 _aeng
100 _aAnurupa Ghosh
245 _aKyePot
999 _c45017
_d45017